| 000 | 00416nam a2200205Ia 4500 | ||
|---|---|---|---|
| 001 | 11776 | ||
| 003 | GE_BSU | ||
| 008 | 181216s||||||||xx |||||||||||||| ||und|| | ||
| 020 | _a9780099830009 | ||
| 040 | _cGE_BSU | ||
| 080 | _a821.111-32 | ||
| 100 | _aGrisham,John | ||
| 245 | 4 | _aThe Firm | |
| 260 | _aLondon | ||
| 260 | _bArrow | ||
| 260 | _c1991 | ||
| 300 | _a421p.18cm. | ||
| 653 | _aThe Firm | ||
| 942 | _cBK | ||
| 999 |
_c44955 _d44955 |
||